| 000 | 01525nam a22002177a 4500 | ||
|---|---|---|---|
| 003 | OSt | ||
| 005 | 20220712103913.0 | ||
| 008 | 140619b xxu||||| |||| 00| 0 eng d | ||
| 020 | _a9781408093757 | ||
| 040 | _cLC | ||
| 050 | _aHB139.W87 | ||
| 100 | _qWooldridge, Jeffery M. | ||
| 245 |
_aIntroduction to econometrics / _cJeffrey M. Wooldridge. |
||
| 250 | _aEurope, Middle East, & Africa ed. | ||
| 260 |
_aLondon : _bCengage Learning EMEA, _c2014. |
||
| 300 |
_axvii, 603 p.: _bill.: |
||
| 500 | _aIncludes bibliographic references, glossary and index. | ||
| 505 | _aContents: The nature of econometrics and economic data -- The simple regression model -- Multiple regression analysis; estimation -- Multiple regression analysis: inference -- Multiple regression analysis: OLS asymtotics -- Multiple regression analysis: further issues -- Multiple regression analysis with qualitative information: binary (or dummy) variables -- Heteroskedasticity -- More on specification and data issues -- Basic regression analysis with time series data -- Further issues in using OLS with time series data -- Serial correlation and hetoroskedasticity in time series regressions -- Pooling cross sections across time -- Advanced panel data methods -- Instrumental variables estimation an two stage least squares -- Simultaneous equations models -- Limited dependent variable models and sample selection corrections -- Advanced time series topics -- Carrying out an empirical project. | ||
| 653 | _aEconometrics | ||
| 942 |
_2lcc _cBK |
||
| 999 |
_c8600 _d16100 |
||